| 000 | 00537nam a2200205Ia 4500 | ||
|---|---|---|---|
| 003 | OSt | ||
| 005 | 20230511164545.0 | ||
| 008 | 210423s1984 xx 000 0 und d | ||
| 040 | _cAL | ||
| 041 | _aeng | ||
| 082 |
_a910.3 _223 _bGOVK |
||
| 100 |
_aGOVERNMENT OF Karnataka _9103998 |
||
| 245 | _aKarnataka rajya gazetteer part one | ||
| 260 |
_aBangalore _bGovernment Of Karnataka _c1984 |
||
| 300 |
_a686 _bHB |
||
| 365 | _cINR | ||
| 650 |
_aGeography _9103999 |
||
| 906 | _agazetteer ; Karnataka ; one ; rajya | ||
| 942 |
_2ddc _cBK |
||
| 999 |
_c172102 _d172102 |
||